La Hollande illustrée / (Record no. 81070)
[ view plain ]
| 000 -LEADER | |
|---|---|
| campo de control de longitud fija | 00648nam a2200169 i 4500 |
| 001 - NÚMERO DE CONTROL | |
| campo de control | 81070 |
| 003 - IDENTIFICADOR DE NÚMERO DE CONTROL | |
| campo de control | ES-MaACL |
| 005 - FECHA Y HORA DE LA ÚLTIMA TRANSACCIÓN | |
| campo de control | 20230906174349.0 |
| 007 - CAMPO FIJO DE DESCRIPCIÓN FÍSICA--INFORMACIÓN GENERAL | |
| campo de control de longitud fija | t| |
| 008 - DATOS DE LONGITUD FIJA--INFORMACIÓN GENERAL | |
| campo de control de longitud fija | 041102q1909 fr ||||1| fre d |
| 245 03 - MENCIÓN DEL TÍTULO | |
| Título | La Hollande illustrée / |
| Mención de responsabilidad, etc. | [publiée sous la direction de Maxime Petit]. |
| 260 ## - PUBLICACIÓN, DISTRIBUCIÓN, ETC. | |
| Lugar de publicación, distribución, etc. | Paris : |
| Nombre del editor, distribuidor, etc. | Larousse, |
| Fecha de publicación, distribución, etc. | [1909?] |
| 300 ## - DESCRIPCIÓN FÍSICA | |
| Extensión | 194 p., 349 fotos, 39 cart., 15 lám. ; |
| Dimensiones | 32 cm. |
| 500 ## - NOTA GENERAL | |
| Nota general | 349 reproductions photographiques- - 35 cartes et plans en noir- - 15 planches hors texte en noir- - 4 cartes en couleurs - - 2 planches hors texte en couleurs. |
| 651 #4 - PUNTO DE ACCESO ADICIONAL DE MATERIA--NOMBRE GEOGRÁFICO | |
| Nombre geográfico | Holanda- |
| Subdivisión general | Geografía. |
| 9 (RLIN) | 162102 |
| 852 ## - LOCALIZACIÓN | |
| Ubicación | ES-MaACL |
| Número de control de estantería | B-11436 |
| Estatus retirado | Estado de pérdida | Estado de daño | No para préstamo | Biblioteca de origen | Biblioteca actual | Ubicación en estantería | Fecha de adquisición | Fuente de adquisición | Total de préstamos | Signatura topográfica completa | Código de barras | Visto por última vez | Precio de reemplazo | Tipo de ítem Koha |
|---|---|---|---|---|---|---|---|---|---|---|---|---|---|---|
| Biblioteca del Ateneo de Madrid | Biblioteca del Ateneo de Madrid | Sala Pardo Bazán | 17/01/2008 | B-11436 | 1084748 | 23/02/2023 | 23/02/2023 | Libro impreso |
